| 000 | 01044nam a22002657a 4500 | ||
|---|---|---|---|
| 003 | AR-BeUNQ | ||
| 005 | 20250227132609.0 | ||
| 008 | 250227b |||||||| |||| 00| 0 spa d | ||
| 020 | _a9789874462176 | ||
| 040 |
_aAR-BeUNQ _bspa _cAR-BeUNQ _eaacr |
||
| 082 |
_221 _aA863 BRI |
||
| 100 |
_aBriante, Miguel _caut. _d1944 |
||
| 245 |
_aLey de Juego _b(1962-1982) _cMiguel Briante _hlibro |
||
| 250 | _a1a.ed | ||
| 260 |
_aBuenos Aires : _bMil Botellas, _c2023 |
||
| 300 |
_a197 p. _c21 cm |
||
| 490 | _aIdentidades Bonaerenses | ||
| 505 | _aCapitulo primero. Último día. La Vasca. dijo que tenía que volver. Fin de Iglesias. Hombre en la orilla. Habrá que matar perros. A lo largo de la calle que da al río. Ley de Juego. De más lejos. Inglés. Salen a mirar las sombras. | ||
| 600 | _aLierartura | ||
| 648 | _a1962-1982 | ||
| 650 |
_aCuentos _2tell |
||
| 651 |
_aArgentina _2unescot |
||
| 929 | 0 | 1 |
_aDONACION _bDirección General de Cultura y Escuelas de la Provincia de Buenos Aires _c0 _d0 _e05/11/2024 _fPAT 0082588 _j62889 |
| 942 | _cLIB | ||
| 999 |
_c1185 _d1185 |
||